Entrada Topical Term
Número de registros utilizados en: 1
001 - CONTROL NUMBER
- control field: 22708
003 - CONTROL NUMBER IDENTIFIER
- control field: OSt
005 - DATE AND TIME OF LATEST TRANSACTION
- control field: 20210920194958.0
008 - FIXED-LENGTH DATA ELEMENTS
- fixed length control field: 860211i| anannbabn |a ana
040 ## - CATALOGING SOURCE
- Original cataloging agency: la-la
042 ## - AUTHENTICATION CODE
- Authentication code: la
083 ## - DEWEY DECIMAL CLASSIFICATION NUMBER
- Classification number element-single number or beginning number of span: 179.4-20 ed.
083 ## - DEWEY DECIMAL CLASSIFICATION NUMBER
- Classification number element-single number or beginning number of span: 619-20 ed.
150 ## - HEADING--TOPICAL TERM
- Topical term or geographic name entry element: Experimentacion con Animales
450 ## - SEE FROM TRACING--TOPICAL TERM
- Topical term or geographic name entry element: Animales-Experimentos
450 ## - SEE FROM TRACING--TOPICAL TERM
- Topical term or geographic name entry element: Experimentación animal
450 ## - SEE FROM TRACING--TOPICAL TERM
- Topical term or geographic name entry element: Experimentación en animales
450 ## - SEE FROM TRACING--TOPICAL TERM
- Topical term or geographic name entry element: Experimentos con animales
550 ## - SEE ALSO FROM TRACING--TOPICAL TERM
- Control subfield: g
- Topical term or geographic name entry element: Animales de laboratorio
550 ## - SEE ALSO FROM TRACING--TOPICAL TERM
- Control subfield: g
- Topical term or geographic name entry element: Investigacion
550 ## - SEE ALSO FROM TRACING--TOPICAL TERM
- Control subfield: h
- Topical term or geographic name entry element: Animales de laboratorio
550 ## - SEE ALSO FROM TRACING--TOPICAL TERM
- Control subfield: h
- Topical term or geographic name entry element: Modelos animales en investigacion
550 ## - SEE ALSO FROM TRACING--TOPICAL TERM
- Control subfield: h
- Topical term or geographic name entry element: Viviseccion
670 ## - SOURCE DATA FOUND
- Source citation: LC subject headings/ Library of Congress, 1996
670 ## - SOURCE DATA FOUND
- Source citation: LEMB
750 ## - ESTABLISHED HEADING LINKING ENTRY--TOPICAL TERM
- Topical term or geographic name entry element: Animal experimentation